[Event "Cambridge op 2nd"]
[Site "Cambridge"]
[Date "2024.02.24"]
[Round "9"]
[White "Mihalik, Agoston"]
[Black "Asgarova, Turan Nizami Qizi"]
[Result "1/2-1/2"]
[WhiteElo "2146"]
[BlackElo "1988"]
[PlyCount "90"]
[EventDate "2024.02.19"]
[EventType "swiss"]
[EventRounds "9"]
[EventCountry "ENG"]
[SourceTitle "CB09_2024"]
[SourceDate "2024.02.28"]
[SourceVersion "1"]
[SourceVersionDate "2024.02.28"]
[SourceQuality "1"]

1. e4 c5 2. Nf3 e6 3. g3 Nc6 4. Bg2 Nf6 5. Qe2 e5 6. 0-0 Be7 7. d3 d6 8. a4 0-0 9. Na3 h6 10. Nc4 Be6 11. Bd2 Qd7 12. c3 Rab8 13. a5 b5 14. axb6 axb6 15. Ne3 Na5 16. c4 Nb3 17. Ra3 Nxd2 18. Nxd2 b5 19. b3 bxc4 20. bxc4 Rb4 21. Rfa1 Rfb8 22. R3a2 Bf8 23. Nd5 Nxd5 24. cxd5 Bh3 25. Ra7 R8b7 26. Rxb7 Rxb7 27. Qf1 Bxg2 28. Kxg2 Be7 29. Nc4 f5 30. Ra8+ Kh7 31. Qe2 Rb4 32. h4 Qb7 33. Ra2 fxe4 34. dxe4 Qb5 35. Qg4 Ra4 36. Rxa4 Qxa4 37. Ne3 Bf6 38. Kf3 Qa1 39. Qf5+ Kh8 40. Kg4 Qa8 41. Qe6 Qb8 42. f3 Qb3 43. Nf5 h5+ 44. Kh3 Qxf3 45. Kh2 Qf2+ 1/2-1/2

[Event "Sharjah Cup (Women) 7th"]
[Site "Sharjah"]
[Date "2016.12.26"]
[Round "9"]
[White "Almaini, Aishah Sarhan"]
[Black "Asgarova, Turan Nizami Qizi"]
[Result "0-1"]
[WhiteElo "1396"]
[BlackElo "1963"]
[PlyCount "72"]
[EventDate "2016.12.18"]
[EventType "swiss"]
[EventRounds "9"]
[EventCountry "UAE"]
[SourceTitle "CBM 176 Extra"]
[Source "ChessBase"]
[SourceDate "2017.03.02"]
[SourceVersion "1"]
[SourceVersionDate "2017.03.02"]
[SourceQuality "1"]

1. d4 d5 2. c4 e6 3. cxd5 exd5 4. Nc3 Nf6 5. Bg5 Be7 6. e3 0-0 7. Bd3 h6 8. Bh4 Be6 9. Nf3 b6 10. Bxf6 Bxf6 11. b4 c5 12. bxc5 bxc5 13. 0-0 c4 14. Bc2 Nc6 15. Rb1 Qa5 16. Na4 Be7 17. Ne5 Nxe5 18. dxe5 Rab8 19. Qd4 Bb4 20. a3 Bxa3 21. Ra1 Be7 22. Nc3 Qc5 23. Rxa7 Rfd8 24. Rfa1 Bf8 25. Ne2 Qb4 26. R7a4 Qb5 27. Ra5 Qb2 28. R5a2 Qb7 29. Ra7 Qc8 30. R7a5 Bb4 31. Ra6 Bf5 32. Bxf5 Qxf5 33. Qf4 Qd3 34. Ra7 Rf8 35. Nd4 Bc5 36. R7a5 Rb1+ 0-1

[Event "Sharjah Cup (Women) 7th"]
[Site "Sharjah"]
[Date "2016.12.25"]
[Round "8"]
[White "Asgarova, Turan Nizami Qizi"]
[Black "Wafa, Shrook"]
[Result "0-1"]
[WhiteElo "1963"]
[BlackElo "2137"]
[PlyCount "109"]
[EventDate "2016.12.18"]
[EventType "swiss"]
[EventRounds "9"]
[EventCountry "UAE"]
[SourceTitle "CBM 176 Extra"]
[Source "ChessBase"]
[SourceDate "2017.03.02"]
[SourceVersion "1"]
[SourceVersionDate "2017.03.02"]
[SourceQuality "1"]

1. e4 c5 2. Nf3 d6 3. d4 cxd4 4. Nxd4 Nf6 5. Nc3 g6 6. Be2 Bg7 7. 0-0 0-0 8. Re1 Nc6 9. Nb3 Bd7 10. Bf1 Rc8 11. Bg5 h6 12. Bh4 a6 13. Nd5 g5 14. Bg3 Nxd5 15. exd5 Ne5 16. c3 Qb6 17. Kh1 f5 18. f4 gxf4 19. Bh4 Ng6 20. Qh5 Be8 21. Nd4 Bxd4 22. cxd4 Qxd4 23. Qxh6 Rc7 24. Re6 Qg7 25. Bg5 Bf7 26. Ree1 Bxd5 27. Qh5 f3 28. gxf3 Ne5 29. Be2 Qg6 30. Qxg6+ Nxg6 31. b3 Ne5 32. Kg2 Kf7 33. Kf2 Rc2 34. Kf1 Rh8 35. h4 f4 36. Rad1 e6 37. Rc1 Rxa2 38. Rc7+ Kg6 39. Bd1 Rb2 40. Bc2+ Rxc2 41. Rxc2 Nxf3 42. Bxf4 Nxe1 43. Kxe1 e5 44. Bg5 Bxb3 45. Rc7 Rh7 46. Rc3 Be6 47. Kd2 d5 48. Re3 e4 49. Kc3 Rc7+ 50. Kd4 Kf5 51. Re1 Rc4+ 52. Ke3 d4+ 53. Kd2 Ke5 54. Rf1 e3+ 55. Ke1 0-1

[Event "Sharjah Cup (Women) 7th"]
[Site "Sharjah"]
[Date "2016.12.22"]
[Round "5"]
[White "Gaboyan, Susanna"]
[Black "Asgarova, Turan Nizami Qizi"]
[Result "1-0"]
[WhiteElo "2138"]
[BlackElo "1963"]
[PlyCount "93"]
[EventDate "2016.12.18"]
[EventType "swiss"]
[EventRounds "9"]
[EventCountry "UAE"]
[SourceTitle "CBM 176 Extra"]
[Source "ChessBase"]
[SourceDate "2017.03.02"]
[SourceVersion "1"]
[SourceVersionDate "2017.03.02"]
[SourceQuality "1"]

1. d4 Nf6 2. c4 g6 3. Nc3 Bg7 4. e4 d6 5. Be2 0-0 6. Bg5 c6 7. Qd2 Nbd7 8. h4 Rb8 9. f3 a6 10. b4 c5 11. bxc5 dxc5 12. d5 Qa5 13. Rc1 b5 14. Nh3 Re8 15. Nf2 bxc4 16. Bxc4 Nb6 17. Be2 Nfd7 18. Ng4 Na4 19. Nxa4 Qxa4 20. Bd1 Qa3 21. Bb3 Ne5 22. Nxe5 Bxe5 23. Bf4 Bxf4 24. Qxf4 Qb4+ 25. Kf2 Bd7 26. h5 Qd4+ 27. Kg3 Rb6 28. Rc4 Qb2 29. e5 gxh5 30. d6 Kh8 31. Rxh5 Rg8+ 32. Rg5 Rbb8 33. Rc2 Qd4 34. Qxd4 Rxg5+ 35. Kh4 cxd4 36. Kxg5 exd6 37. Rc7 Bb5 38. exd6 Rd8 39. Rxf7 h6+ 40. Kxh6 Rxd6+ 41. Kg5 d3 42. a4 Bd7 43. Rf6 Rxf6 44. Kxf6 d2 45. g4 Bc6 46. g5 Bxf3 47. g6 1-0

[Event "AZE-ch (Women)"]
[Site "Baku"]
[Date "2016.03.15"]
[Round "1"]
[White "Asgarova, Turan Nizami Qizi"]
[Black "Kazimova, Narmin Nizami Qizi"]
[Result "0-1"]
[WhiteElo "1966"]
[BlackElo "2317"]
[PlyCount "68"]
[EventDate "2016.03.15"]
[EventType "swiss"]
[EventRounds "9"]
[EventCountry "AZE"]
[SourceTitle "CBM 171 Extra"]
[Source "ChessBase"]
[SourceDate "2016.04.26"]
[SourceVersion "1"]
[SourceVersionDate "2016.04.26"]
[SourceQuality "1"]

1. e4 c5 2. Nf3 e6 3. d4 cxd4 4. Nxd4 Nc6 5. Nc3 Qc7 6. Be2 a6 7. Be3 Nf6 8. 0-0 Bb4 9. Bd3 Nxd4 10. Bxd4 e5 11. Be3 Bxc3 12. bxc3 d5 13. exd5 Nxd5 14. Bb5+ Bd7 15. Qxd5 Bxb5 16. Rfe1 0-0 17. Bc5 Rfe8 18. Bd6 Qxc3 19. Bxe5 Qxc2 20. Rac1 Qd3 21. Qxb7 Rad8 22. Qc7 Qd5 23. a3 Re6 24. Bg3 Rde8 25. Rxe6 Qxe6 26. h3 h5 27. Qc5 Qg6 28. Qc3 Qe4 29. Qb4 Qd5 30. Qd6 Qe4 31. Qb4 Qe2 32. Qc5 Qd2 33. Kh2 Qh6 34. Be5 Rxe5 0-1

[Event "Al Ain op 4th"]
[Site "Al Ain"]
[Date "2015.12.29"]
[Round "8"]
[White "Hojjatova, Aydan Hikmat Qizi"]
[Black "Asgarova, Turan Nizami Qizi"]
[Result "1-0"]
[WhiteElo "2288"]
[BlackElo "1935"]
[PlyCount "73"]
[EventDate "2015.12.23"]
[EventType "swiss"]
[EventRounds "9"]
[EventCountry "UAE"]
[SourceTitle "CBM 170 Extra"]
[Source "ChessBase"]
[SourceDate "2016.02.25"]
[SourceVersion "1"]
[SourceVersionDate "2016.02.25"]
[SourceQuality "1"]

1. e4 c5 2. Nf3 e6 3. d4 cxd4 4. Nxd4 Nc6 5. Nc3 d6 6. g4 Be7 7. Be3 a6 8. Qe2 Nxd4 9. Bxd4 e5 10. Be3 Be6 11. Rg1 Nf6 12. g5 Nd7 13. 0-0-0 0-0 14. Qd2 Rc8 15. Kb1 Nb6 16. h4 Qc7 17. h5 Nc4 18. Bxc4 Qxc4 19. g6 hxg6 20. hxg6 b5 21. Nd5 Bxd5 22. exd5 Bf6 23. f3 fxg6 24. Rg4 Qc7 25. Rxg6 Kf7 26. Rdg1 Rh8 27. Qd3 Rcg8 28. f4 Qe7 29. Qf5 a5 30. Bd2 b4 31. Re1 Rh2 32. Kc1 Rgh8 33. fxe5 dxe5 34. Reg1 R8h7 35. Be3 a4 36. Bc5 R2h5 37. Rxf6+ 1-0

[Event "Al Ain op 1st"]
[Site "Al Ain"]
[Date "2012.12.28"]
[Round "8"]
[White "Asgarova, Turan Nizami Qizi"]
[Black "Ibrayev, Nurlan"]
[Result "0-1"]
[WhiteElo "1932"]
[BlackElo "2406"]
[PlyCount "84"]
[EventDate "2012.12.22"]
[EventType "swiss"]
[EventRounds "9"]
[EventCountry "UAE"]
[SourceTitle "CBM 152 Extra"]
[Source "ChessBase"]
[SourceDate "2013.02.25"]
[SourceVersion "1"]
[SourceVersionDate "2013.02.25"]
[SourceQuality "1"]

1. e4 c5 2. Nf3 d6 3. d4 cxd4 4. Nxd4 Nf6 5. Nc3 a6 6. Be2 e6 7. 0-0 Nbd7 8. f4 Qc7 9. a4 b6 10. Bf3 Bb7 11. Nb3 Be7 12. Be3 Rc8 13. Qe2 0-0 14. Rad1 Rfe8 15. Qf2 Bf8 16. Rd2 Bc6 17. Nd4 Ba8 18. Nde2 Qb8 19. Ng3 Bc6 20. Nh5 b5 21. axb5 axb5 22. Nxf6+ Nxf6 23. Bd4 Nd7 24. f5 b4 25. fxe6 fxe6 26. Bh5 bxc3 27. Bf7+ Kh8 28. Qh4 Ne5 29. Bxe5 dxe5 30. Rd3 h6 31. Bxe8 Rxe8 32. Rxc3 Qb7 33. Qh5 Bd6 34. Rcf3 Rg8 35. Rf7 Qb6+ 36. Kh1 Bxe4 37. Qh3 Bf5 38. Qc3 Qd4 39. Qb3 e4 40. Rd7 Qe5 41. g3 e3 42. Re1 e2 0-1

[Event "Al Ain op 1st"]
[Site "Al Ain"]
[Date "2012.12.28"]
[Round "9"]
[White "Zelesco, Karl"]
[Black "Asgarova, Turan Nizami Qizi"]
[Result "1/2-1/2"]
[WhiteElo "2154"]
[BlackElo "1932"]
[PlyCount "122"]
[EventDate "2012.12.22"]
[EventType "swiss"]
[EventRounds "9"]
[EventCountry "UAE"]
[SourceTitle "CBM 152 Extra"]
[Source "ChessBase"]
[SourceDate "2013.02.25"]
[SourceVersion "1"]
[SourceVersionDate "2013.02.25"]
[SourceQuality "1"]

1. e4 c5 2. Nf3 e6 3. d4 cxd4 4. Nxd4 Nc6 5. Nc3 d6 6. Be3 Nf6 7. f3 Be7 8. Qd2 a6 9. g4 0-0 10. h4 Nxd4 11. Bxd4 b5 12. 0-0-0 Qa5 13. Kb1 b4 14. Ne2 e5 15. Be3 Be6 16. Nc1 d5 17. Nb3 Qc7 18. g5 Nh5 19. exd5 Bxd5 20. Bg2 Rfd8 21. Qf2 Rab8 22. Rhf1 Nf4 23. Bxf4 exf4 24. Rfe1 a5 25. Qe2 Bf8 26. Qe5 Qd7 27. Qxf4 a4 28. Nc1 Qc6 29. Rd3 Rdc8 30. Qd2 Be6 31. f4 Qa6 32. Bd5 b3 33. cxb3 Bf5 34. Bc4 Bxd3+ 35. Qxd3 Qa5 36. Re5 Qc7 37. Rf5 axb3 38. axb3 Kh8 39. Rxf7 Qa5 40. h5 Rc7 41. Rf5 Rc5 42. Rf7 Rc7 43. Rxc7 Qxc7 44. Qf5 Qc5 45. Qf7 Bd6 46. h6 Qd4 47. hxg7+ Qxg7 48. Qxg7+ Kxg7 49. f5 Bf4 50. f6+ Kf8 51. Bd3 Bxg5 52. Bxh7 Bxc1 53. Kxc1 Kf7 54. Bd3 Kxf6 55. Kc2 Ke5 56. Kc3 Kd5 57. b4 Kc6 58. Kc4 Kb6 59. b5 Rc8+ 60. Kb4 Rd8 61. Bc4 Rh8 1/2-1/2

[Event "Al Ain op 1st"]
[Site "Al Ain"]
[Date "2012.12.27"]
[Round "7"]
[White "Manakova, Maria"]
[Black "Asgarova, Turan Nizami Qizi"]
[Result "1-0"]
[WhiteElo "2338"]
[BlackElo "1932"]
[PlyCount "95"]
[EventDate "2012.12.22"]
[EventType "swiss"]
[EventRounds "9"]
[EventCountry "UAE"]
[SourceTitle "CBM 152 Extra"]
[Source "ChessBase"]
[SourceDate "2013.02.25"]
[SourceVersion "1"]
[SourceVersionDate "2013.02.25"]
[SourceQuality "1"]

1. e4 c5 2. Nf3 e6 3. d4 cxd4 4. Nxd4 Nc6 5. Nb5 d6 6. c4 a6 7. N5c3 Nf6 8. Be2 Be7 9. 0-0 0-0 10. Be3 Qc7 11. Na3 b6 12. Qd2 Bb7 13. Rfc1 Ne5 14. f3 Rac8 15. Kh1 Nfd7 16. Qe1 Nc5 17. Rd1 Nc6 18. Nc2 Bf6 19. Rac1 Qb8 20. b4 Nd7 21. Na4 Ba8 22. c5 b5 23. Rxd6 Rfd8 24. Rxd7 Rxd7 25. Nb6 Rcd8 26. Nxd7 Rxd7 27. Rd1 Rxd1 28. Qxd1 Be5 29. g3 Bc7 30. a3 Kf8 31. Kg2 Ke8 32. Bc1 h5 33. Bb2 f6 34. f4 h4 35. Bh5+ Ke7 36. Qg4 Qf8 37. Qxh4 Qd8 38. Qg4 Qf8 39. Qg6 e5 40. Ne3 Kd8 41. Nd5 Ne7 42. Qf7 Qxf7 43. Bxf7 f5 44. Nxc7 Bxe4+ 45. Kf2 Kxc7 46. Bxe5+ Kd7 47. Bxg7 Nc6 48. h4 1-0

[Event "Al Ain op 1st"]
[Site "Al Ain"]
[Date "2012.12.26"]
[Round "5"]
[White "Kisuze, Stephen"]
[Black "Asgarova, Turan Nizami Qizi"]
[Result "0-1"]
[WhiteElo "2150"]
[BlackElo "1932"]
[PlyCount "58"]
[EventDate "2012.12.22"]
[EventType "swiss"]
[EventRounds "9"]
[EventCountry "UAE"]
[SourceTitle "CBM 152 Extra"]
[Source "ChessBase"]
[SourceDate "2013.02.25"]
[SourceVersion "1"]
[SourceVersionDate "2013.02.25"]
[SourceQuality "1"]

1. Nf3 d5 2. d4 e6 3. c4 Nf6 4. Nc3 Be7 5. e3 0-0 6. Bd3 b6 7. b3 Bb7 8. 0-0 Nbd7 9. Bb2 c5 10. Re1 Rc8 11. Rc1 h6 12. Bb1 cxd4 13. Nxd4 dxc4 14. bxc4 Rxc4 15. Ndb5 Qb8 16. Nd4 Ba8 17. Qe2 Rcc8 18. Red1 Ne5 19. f3 Rfd8 20. Qf2 Nc4 21. Ba1 Qe5 22. Ne4 Nxe4 23. Bxe4 Bxe4 24. Nc6 Rxd1+ 25. Rxd1 Qc7 26. Nxe7+ Qxe7 27. fxe4 Qg5 28. Rd3 Ne5 29. Bxe5 Rc1+ 0-1

[Event "Al Ain op 1st"]
[Site "Al Ain"]
[Date "2012.12.25"]
[Round "4"]
[White "Asgarova, Turan Nizami Qizi"]
[Black "Navalgund, Niranjan"]
[Result "0-1"]
[WhiteElo "1932"]
[BlackElo "2169"]
[PlyCount "62"]
[EventDate "2012.12.22"]
[EventType "swiss"]
[EventRounds "9"]
[EventCountry "UAE"]
[SourceTitle "CBM 152 Extra"]
[Source "ChessBase"]
[SourceDate "2013.02.25"]
[SourceVersion "1"]
[SourceVersionDate "2013.02.25"]
[SourceQuality "1"]

1. e4 e5 2. Nf3 Nc6 3. d4 exd4 4. c3 d5 5. exd5 Qxd5 6. cxd4 Bg4 7. Be2 Bb4+ 8. Nc3 Bxf3 9. Bxf3 Qc4 10. Bxc6+ bxc6 11. Qe2+ Qxe2+ 12. Kxe2 0-0-0 13. Rd1 Nf6 14. Kf1 Rhe8 15. Bg5 Rd6 16. Rac1 Red8 17. Ne2 h6 18. Bf4 Re6 19. Be5 g5 20. f4 Ng4 21. d5 Ne3+ 22. Kg1 Rxe5 23. fxe5 Nxd1 24. Rxd1 Bc5+ 25. Kf1 Rxd5 26. Rc1 Rxe5 27. Ng3 Kd7 28. a3 f5 29. b4 Bd6 30. Ne2 Rd5 31. g3 Rd3 0-1

[Event "EU-ch (Women) 12th"]
[Site "Tbilisi"]
[Date "2011.05.15"]
[Round "8"]
[White "Asgarova, Turan Nizami Qizi"]
[Black "Umudova, Nargiz"]
[Result "0-1"]
[WhiteElo "1957"]
[BlackElo "2230"]
[PlyCount "118"]
[EventDate "2011.05.07"]
[EventType "swiss"]
[EventRounds "11"]
[EventCountry "GEO"]
[SourceTitle "CBM 142 Extra"]
[Source "ChessBase"]
[SourceDate "2011.06.27"]
[SourceVersion "1"]
[SourceVersionDate "2011.06.27"]
[SourceQuality "1"]

1. e4 c5 2. Nf3 Nc6 3. Bb5 e6 4. 0-0 Nge7 5. Re1 a6 6. Bf1 d5 7. exd5 Qxd5 8. Nc3 Qd8 9. Ne4 Nf5 10. d3 Be7 11. c3 b6 12. Bf4 0-0 13. Qb3 Kh8 14. Rad1 f6 15. d4 cxd4 16. cxd4 Nfxd4 17. Nxd4 Nxd4 18. Qc3 e5 19. Be3 Bg4 20. f3 Rc8 21. Qd3 Bxf3 22. gxf3 Nxf3+ 23. Kh1 Nxe1 24. Rxe1 b5 25. Qe2 f5 26. Nc3 Qe8 27. Bg2 Bh4 28. Rg1 Qf7 29. Bd2 e4 30. a3 Bf6 31. Bh3 g6 32. Rf1 Qb7 33. Bg2 Be5 34. Rc1 Qb8 35. Bh3 Rcd8 36. Bg5 Rd3 37. Bf1 Qb7 38. Bg2 Qd7 39. Nd1 Rb3 40. Qc2 Rd3 41. Nf2 Rd6 42. Qb3 Rc8 43. Rf1 Qg7 44. Qh3 Re8 45. Bh6 Qd7 46. Qb3 Qe6 47. Qc2 Qc4 48. Rc1 Qxc2 49. Rxc2 Rdd8 50. Rc6 Rc8 51. Rxa6 Rc2 52. Nh3 Rxb2 53. Bf1 Rc8 54. Nf4 Rb1 55. Kg2 Rb2+ 56. Kh1 Kg8 57. Re6 Bxf4 58. Bxf4 Rf2 59. Bxb5 Rxf4 0-1

[Event "EU-ch (Women) 12th"]
[Site "Tbilisi"]
[Date "2011.05.10"]
[Round "4"]
[White "Asgarova, Turan Nizami Qizi"]
[Black "Makka, Ioulia"]
[Result "0-1"]
[WhiteElo "1957"]
[BlackElo "2101"]
[PlyCount "42"]
[EventDate "2011.05.07"]
[EventType "swiss"]
[EventRounds "11"]
[EventCountry "GEO"]
[SourceTitle "CBM 142 Extra"]
[Source "ChessBase"]
[SourceDate "2011.06.27"]
[SourceVersion "1"]
[SourceVersionDate "2011.06.27"]
[SourceQuality "1"]

1. e4 c6 2. d4 d5 3. exd5 cxd5 4. c4 Nf6 5. Nc3 e6 6. Nf3 Bb4 7. Bd3 dxc4 8. Bxc4 0-0 9. 0-0 Nbd7 10. a3 Bxc3 11. bxc3 Qc7 12. Qd3 b6 13. Ba2 Bb7 14. h3 Rfd8 15. Bb2 Nc5 16. Qd1 Qc6 17. Rc1 Nh5 18. Qc2 Nd7 19. Ne1 Nf4 20. f3 Qb5 21. Kh2 Qxf1 0-1

[Event "EU-ch U16 Girls 17th"]
[Site "Sibenik"]
[Date "2007.09.19"]
[Round "6"]
[White "Ildzhirinova, Saglara"]
[Black "Asgarova, Turan Nizami Qizi"]
[Result "1-0"]
[WhiteElo "2106"]
[BlackElo "1989"]
[PlyCount "95"]
[EventDate "2007.09.14"]
[EventType "swiss"]
[EventRounds "9"]
[EventCountry "CRO"]
[SourceTitle "CBM 120 Extra"]
[Source "ChessBase"]
[SourceDate "2007.11.01"]
[SourceVersion "1"]
[SourceVersionDate "2007.11.01"]
[SourceQuality "1"]

1. e4 c5 2. Nf3 e6 3. Nc3 Nc6 4. d4 cxd4 5. Nxd4 d6 6. g3 Nf6 7. Bg2 Bd7 8. Ndb5 Qb8 9. Bf4 Ne5 10. a4 Be7 11. 0-0 0-0 12. Qe2 a6 13. Nd4 Qc7 14. Nf3 Bc6 15. a5 Ng6 16. Bd2 b5 17. axb6 Qxb6 18. b3 Bb7 19. Na4 Qc7 20. Nd4 d5 21. exd5 Bxd5 22. Bxd5 Nxd5 23. Nxe6 fxe6 24. Qxe6+ Kh8 25. Qxd5 Rad8 26. Ba5 Qxg3+ 27. fxg3 Rxd5 28. Rxf8+ Bxf8 29. Bc3 Ne5 30. Bxe5 Rxe5 31. Rd1 g6 32. Kf2 Be7 33. Re1 Rf5+ 34. Kg2 Bf6 35. c4 Bd4 36. Re2 Kg7 37. Re7+ Kf6 38. Rxh7 Rf2+ 39. Kh3 g5 40. Kg4 Kg6 41. Rd7 Be5 42. Rd5 Bf6 43. Ra5 Rxh2 44. Rxa6 Rd2 45. Nc5 Rd4+ 46. Kf3 Kf5 47. g4+ Kg6 48. Ne4 1-0

[Event "EU-ch U16 Girls 17th"]
[Site "Sibenik"]
[Date "2007.09.15"]
[Round "2"]
[White "Asgarova, Turan Nizami Qizi"]
[Black "Korchagina, Victoria"]
[Result "1/2-1/2"]
[WhiteElo "1989"]
[BlackElo "2152"]
[PlyCount "120"]
[EventDate "2007.09.14"]
[EventType "swiss"]
[EventRounds "9"]
[EventCountry "CRO"]
[SourceTitle "CBM 120 Extra"]
[Source "ChessBase"]
[SourceDate "2007.11.01"]
[SourceVersion "1"]
[SourceVersionDate "2007.11.01"]
[SourceQuality "1"]

1. e4 c5 2. Nf3 d6 3. c4 e5 4. Nc3 g6 5. Be2 Bg7 6. d3 Ne7 7. 0-0 0-0 8. a3 Nbc6 9. Nd5 f5 10. Rb1 f4 11. b4 h6 12. Bd2 g5 13. b5 Nb8 14. h3 Nd7 15. Nh2 Nxd5 16. exd5 Nf6 17. Ng4 Bf5 18. Bc3 Bg6 19. Nxf6+ Bxf6 20. Bf3 Qe8 21. Be4 h5 22. Qf3 Kg7 23. a4 Bxe4 24. Qxe4 g4 25. hxg4 hxg4 26. Qf5 Qg6 27. Qxg6+ Kxg6 28. f3 Rh8 29. fxg4 Rh4 30. Rf3 Rah8 31. Kf2 Rxg4 32. Rg1 Bh4+ 33. Ke2 Bg3 34. Kf1 Kf5 35. a5 Rh7 36. Bb2 Rgh4 37. Ke2 a6 38. b6 Rh2 39. Bc1 Re7 40. Bb2 e4 41. dxe4+ Rxe4+ 42. Kd3 Re1 43. Rxe1 Bxe1 44. Bc1 Rh4 45. Bd2 Bxd2 46. Kxd2 Rg4 47. Rf2 Ke4 48. Kc3 Rg3+ 49. Kc2 Ra3 50. Rf1 Ra2+ 51. Kc3 Re2 52. Rh1 Re3+ 53. Kd2 Kd4 54. Rh7 Kxc4 55. Rxb7 Kxd5 56. Ra7 c4 57. Rxa6 Kc6 58. Ra7 Rb3 59. Rc7+ Kb5 60. Ra7 Kc6 1/2-1/2